[Event "Floripa Chess Open 2024"]
[Site "Florianopolis"]
[Date "2024.01.22"]
[Round "4.121"]
[White "Montini, Thiago De Lima Mill"]
[Black "Pereira, Thiago Henrique"]
[Result "1-0"]
[WhiteElo "1800"]
[BlackElo "1772"]
[PlyCount "83"]
[EventDate "2024.01.20"]
[EventRounds "10"]
[EventCountry "BRA"]

1. e4 c5 2. Nf3 e6 3. d4 cxd4 4. Nxd4 Nc6 5. Bc4 a6 6. O-O b5 ({RR} 6... Nf6 7.
Nxc6 bxc6 8. e5 Nd5 9. Nd2 Be7 10. Ne4 O-O 11. Bd3 f5 12. Nd6 Qc7 13. c4 Bxd6
14. exd6 Qxd6 15. cxd5 cxd5 16. b3 Bb7 17. Bb2 Bc6 18. Rc1 a5 19. Qd2 Qe7 20.
Rfe1 Qh4 21. f4 {Borocz,I (2415)-Bandy,A Solymar 1996 1-0}) ({RR} 6... Bc5 7.
Nb3 Bb6 8. Re1 d6 9. Nc3 Ne5 10. Be2 Qc7 11. Bf4 Bd7 12. Qd2 O-O-O 13. a4 Bc6
14. Nb5 Qe7 15. Qc3 f6 16. a5 Bc7 17. Bxe5 fxe5 18. Na7+ Kd7 19. Nxc6 bxc6 20.
Bxa6 Rb8 21. Rad1 {Dias,S (2060)-De Almeida,R (1776) Salão de Convenções do
Hot 2022 1-0}) 7. Bb3 Bb7 8. Re1 $146 ({RR} 8. Be3 Nf6 9. Nxc6 Bxc6 10. e5 Nd5
11. Bd4 Qg5 12. Bxd5 Bxd5 13. f3 Rc8 14. Nc3 Bb7 15. Qe2 Bb4 16. a3 Bxc3 17.
Bxc3 O-O 18. Rad1 Bd5 19. Rf2 h5 20. f4 Qf5 21. Rd4 Rc4 22. Rxc4 Bxc4 {
Vavrousek,P (1875)-Beran,P (1421) Tabor 2010 1/2-1/2}) ({RR} 8. Be3 Qc7 9. Re1
Bd6 10. h3 Bh2+ 11. Kh1 Nf6 12. Nd2 Ne5 13. Bg5 Ng8 14. Bh4 h6 15. Nf1 g5 16.
Nxh2 gxh4 17. Nhf3 d6 {1-0 (17) Einarsson,O (1613)-Kristbergsson,B (1197)
Reykjavik 2013}) 8... Bc5 9. c3 Qb6 10. Be3 e5 11. Nf5 Bxe3 12. Nd6+ Kf8 13.
Rxe3 Nd8 14. Nxb7 Qxb7 15. Qd6+ Ne7 16. Nd2 f6 17. Nf3 Qc6 18. Qd3 Nf7 19. Nh4
Rd8 20. Rd1 g5 21. Nf5 Nxf5 22. exf5 h5 23. Bd5 Qc7 24. Bxf7 Kxf7 25. Qd5+ Ke7
26. Red3 Qc6 27. Qd6+ Qxd6 28. Rxd6 a5 29. R1d5 Rhf8 30. Rb6 Rb8 31. Rdxb5 Rxb6
32. Rxb6 d5 33. Rb5 Kd6 34. Kf1 d4 35. cxd4 exd4 36. Ke2 Ra8 37. Kd3 Kc6 38. a4
Rd8 39. Rxa5 Rb8 40. Rb5 Rd8 41. Rb4 Kc5 42. Rc4+ 1-0

[Event "Floripa Chess Open 2024"]
[Site "Florianopolis"]
[Date "2024.01.22"]
[Round "4.123"]
[White "Vitielo, Alecio Elias"]
[Black "Alves, Lucas Fernando"]
[Result "1-0"]
[WhiteElo "1768"]
[BlackElo "1216"]
[PlyCount "37"]
[EventDate "2024.01.20"]
[EventRounds "10"]
[EventCountry "BRA"]

1. e4 d5 2. exd5 Nf6 3. Nf3 Nxd5 4. d4 g6 5. Be2 Bg7 6. O-O O-O 7. c4 Nb6 8.
Nc3 e6 ({RR} 8... c5 9. Be3 Na6 10. dxc5 Nd7 11. Qb3 Naxc5 12. Qa3 b6 13. Rfd1
a5 14. Bd4 Bb7 15. Bxg7 Kxg7 16. Ne5 Qe8 17. Nxd7 Nxd7 18. Nd5 Bxd5 19. cxd5
Nc5 20. Bf3 Qb8 21. Qc3+ Kg8 22. d6 Ra7 23. dxe7 {Campora,D (2537)-Karttunen,M
(2411) Dresden 2008 1/2-1/2 (38)}) ({RR} 8... Be6 9. d5 Bg4 10. Qb3 N8d7 11.
Be3 c6 12. Rad1 Qc7 13. h3 Bxf3 14. Bxf3 Ne5 15. Be2 Rfd8 16. f4 Ned7 17. c5
Nxd5 18. Nxd5 cxd5 19. Rxd5 e6 20. Rdd1 Nxc5 21. Qc2 Na6 22. Rc1 Qxc2 23. Rxc2
{Hansch,K (2300)-Gritsenko,N (2309) chess.com INT 2020 0-1}) 9. Bg5 $146 ({RR} 
9. Be3 N8d7 10. Qd2 Nf6 11. h3 Bd7 12. b3 Bc6 13. Ne5 Be8 14. Bg5 c5 15. dxc5
Qxd2 16. Bxd2 Nbd7 17. Nxd7 Bxd7 18. Rad1 Bc6 19. b4 Ne4 20. Nxe4 Bxe4 21. Bf4
e5 22. Be3 a6 23. Rd2 Rfd8 {Hassler,G (1734)-Guensch,H (1783) Rieneck 2008 1-0
(46)}) 9... Qd7 10. Qd2 Nc6 11. Rad1 a5 12. Ne4 f6 13. Bh6 Rd8 14. Bxg7 Kxg7
15. Qc3 Qf7 16. Rfe1 e5 17. dxe5 fxe5 18. Nxe5 Nxe5 19. Qxe5+ 1-0

[Event "Floripa Chess Open 2024"]
[Site "Florianopolis"]
[Date "2024.01.22"]
[Round "4.124"]
[White "Vieira, Igor Do Nascimento"]
[Black "Donatti, Sofia"]
[Result "1/2-1/2"]
[WhiteElo "1280"]
[BlackElo "1767"]
[PlyCount "56"]
[EventDate "2024.01.20"]
[EventRounds "10"]
[EventCountry "BRA"]

1. e4 c5 2. Nf3 Nc6 3. d4 cxd4 4. Nxd4 e5 5. Nb3 d6 6. Be2 Be7 7. Nc3 Nf6 8.
O-O O-O 9. Bg5 Be6 10. Qd2 ({RR} 10. Qd3 a5 {1/2-1/2 (10) Visakh,N (2470)
-Mchedlishvili,M (2602) Poti 2017}) ({RR} 10. h3 a5 11. Bb5 Na7 12. Bd3 b5 13.
Nxb5 Nxb5 14. Bxf6 Bxf6 15. Bxb5 a4 16. Nd2 a3 17. b3 Bg5 18. Nf3 Bf4 19. c4
Qb6 20. Qd3 f5 21. Rad1 Rad8 22. exf5 Bxf5 23. Qd5+ Kh8 24. Nh4 Bc2 {Chyngyz,S
(1280)-Gabrielian,A (2480) chess.com INT 2022 0-1 (66)}) 10... Qd7 $146 ({RR} 
10... a5 11. a4 Nb4 12. Rad1 Rc8 13. Rc1 d5 14. exd5 Nbxd5 15. Nxd5 Bxd5 16.
Qxa5 Qxa5 17. Nxa5 Ra8 18. Nc4 Bxc4 19. Bxc4 Rxa4 20. Bb3 Rb4 21. Rcd1 Ng4 22.
Bd2 Rd4 23. Bc3 Rxd1 24. Rxd1 Bc5 25. Rd2 {Subasi,Z (1714)-Oney,R (1886) Kemer
2014 1-0 (34)}) ({RR} 10... a5 11. Bb5 Qc7 12. Ba4 Nb4 13. a3 Na6 14. f3 Rfd8
15. Qf2 Ng4 16. fxg4 Bxg5 17. Bb5 Nc5 18. Nxc5 Qxc5 19. Qxc5 dxc5 20. h3 Rd2
21. Ba4 Be3+ 22. Kh1 Bc4 23. Rfd1 Rad8 24. Rxd2 Rxd2 25. Rd1 {Markert,M (1916)
-Link,K (1887) Bayern 2013 1-0 (55)}) 11. Rad1 Rfd8 12. Bxf6 Bxf6 13. Nd5 Bxd5
14. Qxd5 Ne7 15. Qd3 Ng6 16. g3 Rac8 17. c3 Nf8 18. Qd5 Ne6 19. Bg4 Qe7 20. Rd2
Rc6 21. Rfd1 Bg5 22. Rd3 Nc7 23. Qa5 Ra6 24. Qb4 Rb6 25. Qc4 Rc6 26. Qa4 Ra6
27. Qb4 Rb6 28. Qc4 Rc6 1/2-1/2

[Event "Floripa Chess Open 2024"]
[Site "Florianopolis"]
[Date "2024.01.22"]
[Round "4.125"]
[White "Goncalves, Adriana Emiliana"]
[Black "Silva Rosas, Natalia"]
[Result "1/2-1/2"]
[WhiteElo "1744"]
[BlackElo "1754"]
[PlyCount "52"]
[EventDate "2024.01.20"]
[EventRounds "10"]
[EventCountry "BRA"]

1. e4 c5 2. Nf3 e6 3. d4 cxd4 4. Nxd4 a6 5. Nc3 Qc7 6. Be3 Nf6 7. f3 Bb4 8. Bd2
({RR} 8. Nde2 d5 9. e5 Nfd7 10. f4 b5 11. a3 Ba5 12. Qd2 Nb6 13. Nd4 Nc4 14.
Bxc4 Qxc4 15. Nb3 Bxc3 16. Qxc3 Nc6 17. Qd3 Ne7 18. Nd4 Bd7 19. b3 Qc7 20. O-O
O-O 21. Rae1 Rfc8 22. Rf3 Qa5 {Nijboer,F (2586)-Granda Zuniga,J (2581) Wijk
aan Zee 2004 1-0 (36)}) 8... Bc5 $146 ({RR} 8... O-O 9. a3 Be7 10. Bd3 d6 11.
Qe2 b5 12. g4 Bb7 13. h4 Nc6 14. Nxc6 Bxc6 15. h5 d5 16. Qg2 dxe4 17. fxe4 a5
18. g5 Ne8 19. g6 b4 20. h6 bxc3 21. gxh7+ Kh8 22. hxg7+ Nxg7 23. Bxc3 {
Albuquerque,R (1916)-Carvalho,F (2154) Natal 2011 0-1}) ({RR} 8... O-O 9. a3
Be7 10. Be2 Nc6 11. Be3 d5 12. exd5 Nxd5 13. Nxd5 exd5 14. O-O Ne5 15. f4 Nc4
16. Bc1 Bc5 17. b3 Qb6 18. c3 Nd6 19. Kh1 Nf5 20. Nxf5 Bxf5 21. Qxd5 Be6 22.
Qg5 Qxb3 23. Qxc5 {Vela Frago,A (2289)-Mirza,D (1897) chess.com INT 2023 1-0})
({RR} 8... O-O 9. Bd3 b5 10. Qe2 d6 11. g4 Bb7 12. g5 Nh5 13. Nb3 e5 14. a3 Nf4
15. Qf2 Bxc3 16. Bxc3 Nc6 17. Bd2 Rae8 18. h4 f5 19. Bxf4 exf4 20. O-O-O Ne5
21. Nd4 Nxd3+ 22. Rxd3 fxe4 23. fxe4 {Beltre,P (1964)-Mazara,A (2274) Santo
Domingo 2010 0-1 (34)}) 9. Nb3 Ba7 10. a4 Nc6 11. Bd3 O-O 12. Qe2 Bb8 13. O-O-O
Ne5 14. g4 Nxd3+ 15. Qxd3 d5 16. exd5 Nxd5 17. Nxd5 exd5 18. Qxd5 Ba7 19. Bc3
Qf4+ 20. Kb1 Be6 21. Qe5 Qxe5 22. Bxe5 b5 23. a5 Rac8 24. Nd4 Bc4 25. Nf5 Bc5
26. Bd6 Bxd6 1/2-1/2

[Event "Floripa Chess Open 2024"]
[Site "Florianopolis"]
[Date "2024.01.22"]
[Round "4.126"]
[White "Rafaelknunes, Rafael Klanfer Nune"]
[Black "Felix, Raimundo Nascimento"]
[Result "0-1"]
[WhiteElo "1789"]
[BlackElo "1749"]
[PlyCount "112"]
[EventDate "2024.01.20"]
[EventRounds "10"]
[EventCountry "BRA"]

1. e4 c5 2. Nf3 a6 3. d4 cxd4 4. Nxd4 Nf6 5. Nc3 e5 6. Nb3 Bb4 7. Bc4 Nxe4 8.
Qd5 Nd6 9. Qxe5+ Qe7 10. Qxe7+ Kxe7 11. Bd3 $146 ({RR} 11. Bd5 Bxc3+ 12. bxc3
Nb5 13. Bb2 Re8 14. O-O-O Kf8 15. Rhe1 Rxe1 16. Rxe1 Nc6 17. c4 Nc7 18. Ba3+
Kg8 19. Bd6 Ne6 20. Kd2 b5 21. Nc5 bxc4 22. Bxc4 Ncd4 23. c3 Nf5 24. Bd5 Nxd6
25. Nxe6 Rb8 {Orel,K-Hari,V Ljubljana 1997 1-0 (49)}) 11... Nb5 12. Bd2 Nxc3
13. bxc3 Bd6 14. O-O Nc6 15. Rfe1+ Kd8 16. Re2 b6 17. Be3 Kc7 18. Nd4 g6 19.
Rb1 Rb8 20. Nxc6 dxc6 21. Bc4 Be6 22. Bxe6 fxe6 23. Rd1 Rbd8 24. Red2 Be7 25.
Bf4+ Kc8 26. Kf1 Rxd2 27. Rxd2 Rd8 28. Ke2 Rxd2+ 29. Kxd2 Kd7 30. h3 c5 31. c4
Bf6 32. a4 e5 33. Be3 Ke6 34. Kd3 h5 35. Ke4 Bh4 36. g3 Bd8 37. a5 Bc7 38. g4
hxg4 39. hxg4 bxa5 40. Bxc5 Bd6 41. Bb6 Bb4 42. Kd3 a4 43. c3 a3 44. Kc2 a2 45.
Kb2 a1=Q+ 46. Kxa1 Bxc3+ 47. Kb1 Kd6 48. Kc2 Kc6 49. Bd8 Bd4 50. Bf6 Kc5 51.
Kb3 e4 52. Bxd4+ Kxd4 53. Kb4 g5 54. c5 Kd5 55. c6 Kxc6 56. Ka5 Kd6 0-1

[Event "Floripa Chess Open 2024"]
[Site "Florianopolis"]
[Date "2024.01.22"]
[Round "4.128"]
[White "Gorgen, Antonio Rebello Hor"]
[Black "De Almeida, Guilherme Pereira"]
[Result "0-1"]
[WhiteElo "1793"]
[BlackElo "1731"]
[PlyCount "100"]
[EventDate "2024.01.20"]
[EventRounds "10"]
[EventCountry "BRA"]

1. Nf3 c5 2. g3 b6 3. Bg2 Bb7 4. O-O Nf6 5. c4 e6 6. Nc3 a6 7. b3 Be7 8. Bb2
O-O 9. Qc2 d6 10. Rad1 Qc7 ({RR} 10... Nbd7 11. d4 cxd4 12. Nxd4 Bxg2 13. Kxg2
Qc7 14. Rd2 Rfc8 15. Rc1 Qb7+ 16. Kg1 Bf8 17. f3 d5 18. cxd5 Nxd5 19. Qe4 N7f6
20. Qd3 Rd8 21. Nxd5 Rxd5 22. e4 Rd7 23. Qc3 Rad8 24. Rcd1 Bc5 25. Kg2 {
Stolle,H (1641)-Pauls,W (2007) Heusenstamm GER 2022 0-1 (34)}) 11. d4 cxd4 12.
Rxd4 Nc6 $146 ({RR} 12... d5 13. cxd5 Bxd5 14. Rc1 Qa7 15. Nxd5 exd5 16. Rdd1
Nbd7 17. Nd4 Bc5 18. b4 Bd6 19. a3 Rfe8 20. e3 Ne5 21. Nf5 Qd7 22. Nxd6 Qxd6
23. Qc7 Qe6 24. Qxe5 Qxe5 25. Bxe5 Rxe5 26. Rc6 b5 27. Kf1 {Blom,V (2089)-Laan,
K (1814) Enschede 2010 1/2-1/2 (79)}) 13. Rd2 d5 14. cxd5 Nb4 15. Qb1 Nbxd5 16.
Nxd5 Nxd5 17. Rc1 Qb8 18. Be5 Qa7 19. e4 Nf6 20. Bxf6 Bxf6 21. e5 Bd8 22. Rd7
Qb8 23. Rxb7 Qxb7 24. Ng5 Qxg2+ 25. Kxg2 Bxg5 26. f4 Be7 27. Rc7 Bb4 28. Qe4 a5
29. f5 exf5 30. Qxf5 Rae8 31. h4 Re6 32. g4 g6 33. Qf4 h5 34. gxh5 gxh5 35. Kh3
Rg6 36. Qf5 Rh6 37. Qg5+ Kh7 38. Qf5+ Kg8 39. e6 Rxe6 40. Qxh5 Rg6 41. Rc4 Rd8
42. Qf5 Rd1 43. Rc2 Rh1+ 44. Rh2 Rhg1 45. Qf3 Bd6 46. Qa8+ Kg7 47. Rb2 R1g3+
48. Kh2 Rxb3+ 49. Kh1 Rxb2 50. Qe4 Rh2# 0-1

[Event "Floripa Chess Open 2024"]
[Site "Florianopolis"]
[Date "2024.01.22"]
[Round "4.129"]
[White "Costa, Ricardo Santos"]
[Black "Nunes, Leonardo De Souza"]
[Result "1-0"]
[WhiteElo "1731"]
[BlackElo "1800"]
[PlyCount "97"]
[EventDate "2024.01.20"]
[EventRounds "10"]
[EventCountry "BRA"]

1. e4 e5 2. Nf3 Nc6 3. Bb5 Nge7 4. d4 exd4 5. Nxd4 g6 6. Nxc6 bxc6 ({RR} 6...
Nxc6 7. Bxc6 bxc6 8. Qd4 f6 9. Nc3 Bg7 10. Be3 O-O 11. O-O-O Qe7 12. h4 f5 13.
Qc4+ Qf7 14. Qxf7+ Rxf7 15. Bd4 fxe4 16. Nxe4 Bxd4 17. Rxd4 d5 18. Nc5 Rxf2 19.
g4 Rg2 20. g5 Bf5 21. Rd2 {Durarbayli,V (2615)-Sviridov,V (2562) chess.com INT
2021 0-1 (42)}) ({RR} 6... Nxc6 7. Bxc6 bxc6 8. Qd4 f6 9. b3 Bg7 10. Bb2 Qe7
11. Nd2 d6 12. O-O-O Be6 13. h4 h6 14. h5 g5 15. f3 O-O 16. g4 c5 17. Qd3 Qf7
18. c4 a5 19. a4 Rfb8 20. Bc3 Rxb3 21. Nxb3 {Davidson,K (2154)-Torres
Dominguez,D (1998) chess.com INT 2023 0-1}) 7. Qd4 Rg8 8. Ba4 $146 ({RR} 8. Bc4
Bg7 9. Qe3 d5 10. exd5 cxd5 11. Bb5+ Bd7 12. Bxd7+ Qxd7 13. O-O f6 14. Nd2 Kf7
15. Nf3 Nf5 16. Qc5 Rgd8 17. Bf4 c6 18. Rad1 Bf8 19. Qa5 c5 20. Rfe1 Qc6 21.
Re2 Qb6 22. Bc7 Qxa5 {Koskinen,V-Paronen,P Espoo 1990 1/2-1/2 (44)}) ({RR} 8.
Bd3 Bg7 9. Qe3 d6 10. O-O Bb7 11. f4 c5 12. c3 Qd7 13. a4 f5 14. Nd2 O-O-O 15.
Qe2 Rge8 16. Ba6 fxe4 17. Bxb7+ Kxb7 18. Nxe4 Nf5 19. Qf3 Qc6 20. Ng5 Qxf3 21.
Nxf3 d5 22. Bd2 d4 {Alvarez Navarro,M (2047)-Roldan Churio,R (2023) Bento
Goncalves 2010 0-1 (61)}) 8... Bg7 9. Qd3 c5 10. O-O Kf8 11. Rd1 d6 12. c4 Bd7
13. Bxd7 Qxd7 14. Nc3 h6 15. Be3 Qc8 16. Qd2 g5 17. Rab1 Ng6 18. b3 Nh4 19. f3
g4 20. Bxh6 Nxf3+ 21. gxf3 gxf3 22. Kh1 Qh3 23. Bxg7+ Rxg7 24. Rg1 Rg2 25. Rxg2
fxg2+ 26. Kg1 Re8 27. Re1 Qf3 28. Qe3 Qh5 29. Nd5 Re5 30. Nf4 Qh6 31. Nxg2 Qg6
32. Qg3 Rg5 33. Qf3 Kg7 34. Kh1 Qh6 35. Rf1 f6 36. Nf4 Kf7 37. Nd5 Rg6 38.
Qxf6+ Rxf6 39. Rxf6+ Qxf6 40. Nxf6 Kxf6 41. Kg2 c6 42. Kg3 Kg5 43. h3 a5 44. a4
d5 45. exd5 cxd5 46. cxd5 Kf5 47. Kf3 Ke5 48. Ke3 Kxd5 49. h4 1-0

[Event "Floripa Chess Open 2024"]
[Site "Florianopolis"]
[Date "2024.01.22"]
[Round "4.133"]
[White "Andersson, Cristian De Oliveir"]
[Black "Moritz, Diego Homrich"]
[Result "0-1"]
[WhiteElo "1461"]
[BlackElo "1832"]
[PlyCount "68"]
[EventDate "2024.01.20"]
[EventRounds "10"]
[EventCountry "BRA"]

1. c4 g6 2. Nc3 Bg7 3. e4 c5 4. g3 Nc6 5. Bg2 e6 6. Nge2 a6 7. O-O Nge7 8. d3
O-O 9. Be3 Nd4 10. Qd2 Nec6 ({RR} 10... d6 11. Bh6 Rb8 12. Bxg7 Kxg7 13. b4 b5
14. cxb5 axb5 15. Rfc1 Nec6 16. Nxd4 Nxd4 17. Ne2 Nxe2+ 18. Qxe2 cxb4 19. Qb2+
e5 20. d4 Qf6 21. dxe5 dxe5 22. Qxb4 Be6 23. Rc5 Rfd8 24. Rxb5 Rxb5 25. Qxb5 {
Miezis,N (2534)-Novik,M (2462) Finland 2011 1/2-1/2}) 11. f4 ({RR} 11. Bh6 b5
12. Bxg7 Kxg7 13. b3 e5 14. f4 d6 15. f5 f6 16. Nd5 Nxe2+ 17. Qxe2 Nd4 18. Qg4
Bb7 19. Ne3 g5 20. h4 h6 21. Qh5 Qe8 22. Qxe8 Rfxe8 23. h5 Bc6 24. Kf2 Reb8 25.
Rfb1 a5 {Zhugin,N (2049)-Vastrukhin,O (2343) Dzhubga RUS 2023 0-1 (61)}) 11...
Rb8 $146 ({RR} 11... b6 12. e5 Nxe2+ 13. Qxe2 Ra7 14. Ne4 f6 15. Nxf6+ Bxf6 16.
exf6 Qxf6 17. Rad1 Nd4 18. Qf2 Bb7 19. Bxd4 Qxd4 20. Qxd4 cxd4 21. Rfe1 Kf7 22.
Bxb7 Rxb7 23. Re4 Ke7 24. Rxd4 b5 25. Rd2 Rfb8 26. b3 {Varga,K (2195)-Szobi,G
Hungary 1999 1-0 (43)}) ({RR} 11... d6 12. Bf2 Rb8 13. Nxd4 Nxd4 14. Ne2 Nxe2+
15. Qxe2 b5 16. Rab1 Bb7 17. Rfd1 Qc7 18. b3 Rbc8 19. Rbc1 Qb6 20. Rc2 b4 21.
h4 e5 22. f5 a5 23. Bh3 Ra8 24. Be3 a4 25. h5 axb3 26. axb3 {Smachenko,V (2221)
-Kovalenko,V (2180) Kiev 2003 1-0 (41)}) 12. e5 f5 13. Bxd4 cxd4 14. Nd1 d5 15.
exd6 Qxd6 16. Nf2 Bd7 17. h4 Rfe8 18. Nh3 Re7 19. h5 gxh5 20. Bf3 Be8 21. Kf2
Bg6 22. Rae1 Rf8 23. a3 e5 24. fxe5 Nxe5 25. Bd5+ Kh8 26. Nef4 Ng4+ 27. Kg1
Rfe8 28. Ng5 Ne3 29. Nf7+ Bxf7 30. Bxf7 Nxf1 31. Rxe7 Rxe7 32. Kxf1 Rxf7 33.
Nxh5 Qh6 34. Qe2 Qe3 0-1

[Event "Floripa Chess Open 2024"]
[Site "Florianopolis"]
[Date "2024.01.22"]
[Round "4.135"]
[White "Braga, Kaio Santos"]
[Black "Ulrich, Henning"]
[Result "0-1"]
[WhiteElo "1442"]
[BlackElo "1822"]
[PlyCount "60"]
[EventDate "2024.01.20"]
[EventRounds "10"]
[EventCountry "BRA"]

1. e4 c5 2. Nc3 e6 3. Bc4 Nc6 4. f4 a6 5. a4 d6 6. Nf3 Nf6 7. d3 d5 8. Ba2 dxe4
9. Nxe4 Nxe4 10. dxe4 Qxd1+ 11. Kxd1 Bd7 $146 ({RR} 11... b5 12. c3 Bb7 13. Re1
Be7 14. Be3 O-O 15. Kc2 Na5 16. Bf2 bxa4 17. Ne5 Rfd8 18. Bc4 Nb3 19. Rxa4 Rd2+
20. Kxb3 Rxf2 21. f5 Bd6 22. Nd3 Rxg2 23. e5 Be7 24. fxe6 fxe6 25. Bxe6+ Kh8
26. Rf4 {Jirovsky,P (2300)-Mikulcik,L (2255) Czechia 1997 1-0 (71)}) ({RR} 
11... b5 12. f5 c4 13. fxe6 Bxe6 14. Bg5 f6 15. Be3 O-O-O+ 16. Ke2 b4 17. Rad1
Be7 18. Rxd8+ Rxd8 19. Nd2 Nd4+ 20. Bxd4 Rxd4 21. c3 bxc3 22. bxc3 Bg4+ 23. Ke1
Rd3 24. Bxc4 Rxc3 25. Bxa6+ Kc7 26. Rf1 {Braghini,E-De Lima,D Sao Paulo 2001
0-1}) 12. Be3 O-O-O 13. Ke2 f6 14. c3 e5 15. f5 Be7 16. Rad1 Be8 17. Bd5 Kc7
18. Nd2 b6 19. Nc4 Bh5+ 20. Kf2 Bxd1 21. Rxd1 b5 22. axb5 axb5 23. Na3 Rb8 24.
Nc2 b4 25. Bc1 Rhc8 26. Ne3 bxc3 27. bxc3 Rb1 28. Ke2 Ra8 29. Be6 Rd8 30. Nd5+
Kb7 0-1

[Event "Floripa Chess Open 2024"]
[Site "Florianopolis"]
[Date "2024.01.22"]
[Round "4.136"]
[White "Zabala, Antonio Murara"]
[Black "Altenhofen, Rafael Graneto"]
[Result "1-0"]
[WhiteElo "1797"]
[BlackElo "1446"]
[PlyCount "51"]
[EventDate "2024.01.20"]
[EventRounds "10"]
[EventCountry "BRA"]

1. e4 c5 2. Nc3 e6 3. Nf3 Nf6 4. d4 cxd4 5. Nxd4 Nc6 6. Ndb5 Bb4 7. Bf4 Bxc3+ (
{RR} 7... e5 8. Bg5 O-O 9. a3 Bxc3+ 10. Nxc3 h6 11. Bh4 d6 12. Qd3 Nd4 13. f4
Ne6 14. f5 Nf4 15. Qd2 Nxe4 16. Nxe4 Qxh4+ 17. g3 Qg4 18. gxf4 exf4 19. Qg2
Bxf5 20. Qxg4 Bxg4 21. Kf2 d5 22. Nc3 {Neugebauer,M (2509)-Szeberenyi,A (2334)
Hungary HUN 2022 1-0}) ({RR} 7... e5 8. Bg5 O-O 9. a3 Be7 10. Nd6 Nd4 11. Nc4
Nxe4 12. Bxe7 Qxe7 13. Nxe4 d5 14. Nc3 dxc4 15. Bxc4 Bf5 16. Bd3 e4 17. Be2
Rfd8 18. Qc1 Rac8 19. Rg1 Rxc3 {0-1 (19) Brito,N (1426)-Parijos De Melo,L  
(1737) Florianópolis - Santa Catari 2023}) 8. Nxc3 d5 9. exd5 exd5 10. Bb5
$146 ({RR} 10. Be2 O-O 11. Bf3 Re8+ 12. Ne2 Bf5 13. O-O Be4 14. Bxe4 Nxe4 15.
Nd4 Qf6 16. Be3 Qg6 17. Nb5 Red8 18. Nc7 Rac8 19. Nxd5 Qe6 20. c4 Nb4 21. Qb3
Nxd5 22. cxd5 Qxd5 23. Qxd5 Rxd5 24. Rac1 Rxc1 {Hristodoulaki,
A-Hatziathanasiou,S Ermioni Argolidas 2005 1-0 (47)}) ({RR} 10. Bd3 O-O 11. O-O
d4 12. Ne4 Nd5 13. Bg3 f5 14. Nd6 f4 15. Bxh7+ Kxh7 16. Qh5+ Kg8 17. Qxd5+ Kh7
18. Qe4+ g6 19. Bxf4 Qf6 20. Bg3 Kg8 21. Rfe1 Bd7 22. Rad1 b6 23. a3 Rad8 24.
h3 a6 {Wikar,M (2024)-De Rycke,T (1758) Porto Carras GRE 2018 1-0 (44)}) 10...
a6 11. Ba4 O-O 12. O-O d4 13. Ne2 b5 14. Bb3 Bb7 15. Qd3 Qb6 16. Rad1 Rad8 17.
Bg5 Nb4 18. Qf5 Be4 19. Qf4 Bxc2 20. Bxc2 Nxc2 21. Rd3 Nd5 22. Qd2 Ndb4 23.
Bxd8 Rxd8 24. Rg3 d3 25. Nc1 h6 26. a3 1-0

[Event "Floripa Chess Open 2024"]
[Site "Florianopolis"]
[Date "2024.01.22"]
[Round "4.137"]
[White "Ruvieri, Daniel Minami"]
[Black "Correia, Pedro Bavaresco"]
[Result "1/2-1/2"]
[WhiteElo "1437"]
[BlackElo "1796"]
[PlyCount "65"]
[EventDate "2024.01.20"]
[EventRounds "10"]
[EventCountry "BRA"]

1. e4 c5 2. Nf3 Nc6 3. d4 cxd4 4. Nxd4 Nf6 5. Nc3 d6 6. Bc4 e6 7. O-O a6 8. Bb3
Be7 9. Be3 O-O 10. f4 Bd7 11. f5 Nxd4 12. Bxd4 b5 13. Qf3 e5 14. Be3 Bc6 15.
Bg5 b4 16. Bxf6 bxc3 $146 ({RR} 16... Bxf6 17. Nd5 a5 18. a4 Bxd5 19. Bxd5 Rc8
20. Bb3 d5 21. exd5 e4 22. Qxe4 Bxb2 23. Rae1 Bf6 24. g3 Qb6+ 25. Kg2 Rfd8 26.
Rf3 h6 27. h4 Qd4 28. Qxd4 Bxd4 29. Re7 Bc5 30. d6 Rxd6 31. Rxf7 {Berezjuk,S  
(2405)-Zabystrzan,P (2280) Czechia 1998 1-0 (45)}) 17. Bxe7 Qxe7 18. bxc3 a5
19. Rad1 a4 20. Bd5 Bxd5 21. Rxd5 Rfc8 22. f6 Qxf6 23. Qxf6 gxf6 24. Rxd6 Rxc3
25. Rdxf6 Rxc2 26. h3 Rxa2 27. Rxf7 Rd8 28. R7f5 h6 29. Rxe5 a3 30. Re7 Re2 31.
Rff7 Rxe4 32. Rg7+ Kf8 33. Rgf7+ 1/2-1/2

[Event "Floripa Chess Open 2024"]
[Site "Florianopolis"]
[Date "2024.01.22"]
[Round "4.138"]
[White "Machado, Gilmar Dias"]
[Black "Nagel, Yasmin Da Silva"]
[Result "1/2-1/2"]
[WhiteElo "1764"]
[BlackElo "1437"]
[PlyCount "89"]
[EventDate "2024.01.20"]
[EventRounds "10"]
[EventCountry "BRA"]

1. e4 e5 2. Nf3 Nc6 3. Bc4 Bc5 4. c3 Nf6 5. d3 d6 6. O-O a5 7. Bb3 ({RR} 7. Re1
h6 8. a4 O-O 9. h3 Be6 10. Na3 Bxa3 11. Bxe6 Bxb2 12. Bxf7+ Rxf7 13. Bxb2 Qd7
14. c4 Raf8 15. Nh4 Kh7 16. f4 exf4 17. d4 Re8 18. Qb1 Kg8 19. Nf3 Rfe7 20. d5
Ne5 21. Bxe5 Rxe5 {Hou,Y (2649)-Caruana,F (2813) Douglas 2016 0-1 (39)}) 7...
Bg4 $146 ({RR} 7... Ba7 8. Be3 O-O 9. Nbd2 Re8 10. h3 h6 11. Re1 Bxe3 12. fxe3
d5 13. exd5 Nxd5 14. a3 Be6 15. Ba4 Bd7 16. Ne4 Nb6 17. Bc2 Qe7 18. b4 axb4 19.
axb4 Rxa1 20. Qxa1 Ra8 21. Qb1 Nd5 22. Bb3 {Reefat,S (2367)-Asif,M (1926)
Dhaka BAN 2022 1-0 (41)}) ({RR} 7... Ba7 8. Nbd2 h6 9. Re1 Qe7 10. Nf1 Be6 11.
Bc2 O-O 12. Ng3 Qd7 13. d4 exd4 14. cxd4 Bg4 15. Be3 Bxf3 16. gxf3 Ne7 17. Rc1
Qh3 18. Bd3 Ng6 19. Bf1 Qd7 20. Nf5 Rae8 21. Bh3 Qd8 22. Kh1 {Paveto,K (2407)
-Balint,P (2212) chess.com INT 2024 1-0 (47)}) ({RR} 7... h6 8. Nbd2 O-O 9. a4
Ne7 10. d4 exd4 11. cxd4 Ba7 12. Bc2 Nc6 13. h3 Nxd4 14. Nxd4 Bxd4 15. Ra3 d5
16. Nf3 Bc5 17. Rd3 c6 18. exd5 Nxd5 19. Bb1 b6 20. Ne5 Qf6 21. Ng4 Qh4 22. Qf3
{Vovk,A (2618)-Lei Tingjie (2469) Douglas ENG 2019 1/2-1/2 (31)}) 8. h3 Bh5 9.
Re1 b5 10. Nbd2 a4 11. Bc2 O-O 12. Nf1 a3 13. Ng3 axb2 14. Bxb2 Bg6 15. Nf5 Ba3
16. Rb1 b4 17. Ba4 Bxb2 18. Rxb2 bxc3 19. Rb1 Bxf5 20. Bxc6 Rxa2 21. Qc1 c2 22.
Rb2 Rxb2 23. Qxb2 Bd7 24. Qxc2 Bxc6 25. Qxc6 Qd7 26. Qa6 Nh5 27. Rb1 Nf4 28.
Rb7 h6 29. Kf1 Ne6 30. Qa5 Qc6 31. Rb1 Qc2 32. Qb5 c6 33. Qb3 Qxb3 34. Rxb3 Nd4
35. Nxd4 exd4 36. Rb6 Rc8 37. f4 Kf8 38. Rb7 Ke8 39. Ke2 c5 40. g4 Rd8 41. h4
Rd7 42. Rb8+ Ke7 43. Rg8 Kf6 44. g5+ Kg6 45. gxh6 1/2-1/2

[Event "Floripa Chess Open 2024"]
[Site "Florianopolis"]
[Date "2024.01.22"]
[Round "4.139"]
[White "Caetano, Heitor Luiz"]
[Black "Ribeiro Carrico, Victor Hugo"]
[Result "1/2-1/2"]
[WhiteElo "1431"]
[BlackElo "1746"]
[PlyCount "85"]
[EventDate "2024.01.20"]
[EventRounds "10"]
[EventCountry "BRA"]

1. e4 c5 2. Nf3 e6 3. d4 cxd4 4. Nxd4 Nf6 5. Nc3 Bb4 6. Qd3 Nc6 ({RR} 6... d5
7. exd5 Nxd5 8. Bd2 O-O 9. O-O-O Bxc3 10. Bxc3 Nd7 11. Nb3 Qc7 12. Bd4 Nb4 13.
Qd2 a5 14. Kb1 e5 15. Bc3 Nf6 16. Bxb4 axb4 17. Qxb4 Bf5 18. Qc5 Qb8 19. Bd3
Rc8 20. Qb5 Bd7 21. Qb6 {Poormosavi,S (2268)-Gholami,A (2541) Tehran IRI 2020
0-1 (41)}) ({RR} 6... a6 7. Bd2 Qc7 8. Be2 O-O 9. O-O Nc6 10. Nxc6 bxc6 11. a3
Be7 12. f4 d6 13. Be3 Rd8 14. Rfd1 a5 15. Qd2 e5 16. h3 Bb7 17. Bf3 d5 18. fxe5
Nxe4 19. Qe1 Ng5 20. Bg4 Qxe5 21. Bb6 {Budai,L (1676)-Kepplinger,L (1994) Nova
Gorica SLO 2022 1/2-1/2 (36)}) 7. Bg5 O-O $146 ({RR} 7... Qa5 8. Bxf6 gxf6 9.
f4 Qb6 10. Nb3 a5 11. a4 O-O 12. O-O-O Rd8 13. Nb5 d5 14. Qg3+ Kh8 15. Bd3 dxe4
16. Bxe4 f5 17. Bd3 Be7 18. Qh3 Nb4 19. Be2 Bd7 20. c3 Rac8 21. Kb1 Nd5 22.
Rhf1 {Radojevic,S (1859)-Jeknic,V (1897) Andrijevica 2012 0-1}) 8. Nxc6 bxc6 9.
e5 Qa5 10. exf6 Qxg5 11. fxg7 Qxg7 12. Qg3 d5 13. Qxg7+ Kxg7 14. a3 Bc5 15. h4
e5 16. Na4 Bd6 17. b4 Bd7 18. Nc5 Bxc5 19. bxc5 Rfb8 20. f3 Rb2 21. Kd2 Bf5 22.
Bd3 Bxd3 23. Kxd3 Rab8 24. a4 R8b4 25. Kc3 Rb7 26. g4 R2b4 27. Rhe1 f6 28. Kd3
a5 29. c3 Rc4 30. Reb1 Rxb1 31. Rxb1 Rxc5 32. Rb7+ Kg6 33. h5+ Kh6 34. Rf7 Kg5
35. Rxh7 e4+ 36. fxe4 dxe4+ 37. Kd4 Re5 38. Rg7+ Kf4 39. h6 e3 40. h7 e2 41.
h8=Q e1=Q 42. Qh2+ Kf3 43. Qh3+ 1/2-1/2